<?xml version="1.0" encoding="UTF-8"?>
<collection xmlns="http://www.loc.gov/MARC21/slim">
 <record>
  <leader>07463nam a2200397 a 4500</leader>
  <controlfield tag="001">kal146</controlfield>
  <controlfield tag="003">Gr-AtHEAL</controlfield>
  <controlfield tag="005">20160422110655.0</controlfield>
  <controlfield tag="006">m        d        </controlfield>
  <controlfield tag="008">160413s2015    gr      s           gre|c</controlfield>
  <datafield tag="020" ind1=" " ind2=" ">
   <subfield code="a">9789606030178</subfield>
  </datafield>
  <datafield tag="040" ind1=" " ind2=" ">
   <subfield code="a">GR-AtHEAL</subfield>
   <subfield code="b">gre</subfield>
   <subfield code="c">GR-AtHEAL</subfield>
  </datafield>
  <datafield tag="082" ind1="0" ind2="4">
   <subfield code="a">516.36</subfield>
   <subfield code="2">23</subfield>
  </datafield>
  <datafield tag="100" ind1="1" ind2=" ">
   <subfield code="a">Αρβανιτογεώργος, Ανδρέας.</subfield>
   <subfield code="8">1722</subfield>
  </datafield>
  <datafield tag="245" ind1="1" ind2="0">
   <subfield code="a">Γεωμετρία πολλαπλοτήτων</subfield>
   <subfield code="h">[Ηλεκτρονικός πόρος] </subfield>
   <subfield code="b">Πολλαπλότητες Riemann και ομάδες Lie</subfield>
   <subfield code="c">Αρβανιτογεώργος, Ανδρέας ; Κριτικός αναγνώστης,Πλατής, Ιωάννης ; Γλωσσική επιμέλεια,Γυφτοπούλου, Ουρανία.</subfield>
  </datafield>
  <datafield tag="260" ind1=" " ind2=" ">
   <subfield code="a">Αθήνα :</subfield>
   <subfield code="b">Σύνδεσμος Ελληνικών Ακαδημαϊκών Βιβλιοθηκών,</subfield>
   <subfield code="c">c2015.</subfield>
  </datafield>
  <datafield tag="490" ind1=" " ind2=" ">
   <subfield code="a">Ακαδημαϊκά Ηλεκτρονικά Συγγράμματα και Βοηθήματα Κάλλιπος</subfield>
   <subfield code="8">40</subfield>
  </datafield>
  <datafield tag="505" ind1="0" ind2=" ">
   <subfield code="a">ΠρόλογοςΕισαγωγή1 Ο Ευκλείδειος ΧώροςΛείες συναρτήσεις σε Ευκλείδειο χώροΕφαπτόμενα διανύσματα στον R^n ως παραγωγίσειςΣπόροι συναρτήσεωνΠαραγωγίσεις κατά σημείοΔιανυσματικά πεδία στον R^nΗ εξωτερική άλγεβρα των πολυγραμμικών συναρτήσεωνΠολυγραμμικές συναρτήσειςΔιαφορικές μορφές στον R^n2 Λείες πολλαπλότητεςΛείες πολλαπλότητεςΟ πραγματικός προβολικός χώροςΛείες απεικονίσεις στον R^nΤο θεώρημα αντίστροφης συνάρτησης3 Το διαφορικό μιας λείας απεικόνισηςΟ εφαπτόμενος χώροςΤο διαφορικόΕμβαπτίσεις και εμφυτεύσειςϒποπολλαπλότητες4 Διανυσματικά πεδίαΗ εφαπτόμενη δέσμηΔιανυσματικές δέσμεςΛείες συναρτήσεις εξογκώματοςΔιαμέριση της μονάδαςΛεία διανυσματικά πεδίαΟλοκληρωτικές καμπύλεςΤοπική ροήΤο γινόμενο Lie5 Πολλαπλότητες RiemannΤανυστικά πεδίαΜετρικές RiemannΗ συνοχή Levi-CivitaΗ συναλλοίωτη παράγωγοςΓεωδαισιακέςΗ εκθετική απεικόνιση6 ΚαμπυλότηταΟ ορισμός του RiemannΟ τανυστής καμπυλότηταςΗ καμπυλότητα τομήςΗ καμπυλότητα Ricci και η βαθμωτή καμπυλότηταΟμοιοθεσίες και ισομετρίες7 Ομάδες LieΟρισμός και παραδείγματαΟ Εφαπτόμενος χώρος μιας ομάδας LieΗ άλγεβρα Lie μιας ομάδας LieΗ σχέση μεταξύ ομάδων Lie και αλγεβρών LieΜονοπαραμετρικές υποομάδες και η εκθετικη απεικόνιση8 Η δομή μιας ομάδας LieΟ τύπος των Campbell-Baker-HausdorffΣτοιχεία θεωρίας αναπαραστάσεωνΗ συζυγής αναπαράστασηΗ συνήθης αναπαράστασηΗ μορφή KillingΜεγιστικοί δακτύλιοιΗ ταξινόμηση των συμπαγών και συνεκτικών ομάδων Lie9 Η γεωμετρία μιας ομάδας LieΑριστερά αναλλοίωτες μετρικέςΑριστερά αναλλοίωτες μετρικές στην SU(2)10 Ομογενείς χώροι - Γεωμετρία κατά KleinΔράσεις ομάδωνΠολλαπλότητες πηλίκοΑναγωγικοί ομογενείς χώροιΗ ισοτροπική αναπαράστασηG-αναλλοίωτες μετρικές και η συνοχή Levi-CivitaΚαμπυλότητα</subfield>
  </datafield>
  <datafield tag="520" ind1=" " ind2=" ">
   <subfield code="a">Το παρόν βιβλίο απευθύνεται σε κάπως προχωρημένους προπτυχιακούς φοιτητές μαθηματικών και φυσικής καθώς και σε αντίστοιχους μεταπτυχιακούς φοιτητές.Το βασικό θέμα επεξεργασίας είναι η θεωρία διαφορικών πολλαπλοτήτων και πολλαπλοτήτων Riemann. Θα γίνεται προσπάθεια ώστε οι έννοιες να παρουσιάζονται με απλό τρόπο και με χρήση παραδειγμάτων χρήσιμων στους μαθηματικούς και στους φυσικούς.Αρχικά θα παρουσιάζονται κάποιες βασικές έννοιες (εφαπτόμενο διάνυσμα, διανυσματικό πεδίο, διαφορική μορφή) στον Ευκλείδειο χώρο R^n, υπό μία οπτική ώστε να είναι εύκολη και φυσιολογική η γενίκευσή τους στις πολλαπλότητες που θα ακολουθήσουν. Θα αναπτύσσεται στη συνέχεια η θεωρία διαφορικών (λείων) πολλαπλοτήτων και πριν τις πολλαπλότητες Riemann θα γίνει μια αναφορά στους τανυστές (κ,λ)-τάξης.Στη συνέχεια, θα παρουσιαστούν βασικά σημεία της θεωρίας των ομάδων Lie και θα γίνει αμέσως εφαρμογή στη γεωμετρια των ομάδων Lie (αριστερά αναλλοίωτες μετρικές, καμπυλότητα κλπ). Τέλος, ως φυσικό επακόλουθο, θα παρουσιαστούν κάποια στοιχεία της θεωρίας των ομογενών χώρων (γεωμετρία κατά Klein), δηλαδή μιας πολλαπλότητας της μορφής Μ = G/K, όπου G μια ομάδα Lie και Κ μια κλειστή υποομάδα Lie αυτής.</subfield>
  </datafield>
  <datafield tag="650" ind1=" " ind2="0">
   <subfield code="a">Geometry, Differential</subfield>
   <subfield code="8">2203</subfield>
  </datafield>
  <datafield tag="650" ind1=" " ind2="0">
   <subfield code="a">Manifolds (Mathematics) </subfield>
   <subfield code="8">2266</subfield>
  </datafield>
  <datafield tag="653" ind1=" " ind2=" ">
   <subfield code="a">Γεωμετρία Κλάιν</subfield>
  </datafield>
  <datafield tag="653" ind1=" " ind2=" ">
   <subfield code="a">Ομογενής χωρός</subfield>
  </datafield>
  <datafield tag="653" ind1=" " ind2=" ">
   <subfield code="a">Ομάδα Λι</subfield>
  </datafield>
  <datafield tag="653" ind1=" " ind2=" ">
   <subfield code="a">Πολλαπλότητα Ρίμαν</subfield>
  </datafield>
  <datafield tag="653" ind1=" " ind2=" ">
   <subfield code="a">Τανυστής</subfield>
  </datafield>
  <datafield tag="653" ind1=" " ind2=" ">
   <subfield code="a">Διαφορική (λεία) πολλαπλότητα</subfield>
  </datafield>
  <datafield tag="653" ind1=" " ind2=" ">
   <subfield code="a">Μαθηματικά</subfield>
   <subfield code="a">Διαφορική γεωμετρία</subfield>
   <subfield code="a">Εφαρμογές στη φυσική</subfield>
  </datafield>
  <datafield tag="653" ind1=" " ind2=" ">
   <subfield code="a">Μαθηματικά</subfield>
   <subfield code="a">Τοπολογικές ομάδες, ομάδες Lie</subfield>
   <subfield code="a">Ομάδες (του) Lie</subfield>
  </datafield>
  <datafield tag="653" ind1=" " ind2=" ">
   <subfield code="a">Μαθηματικά</subfield>
   <subfield code="a">Διαφορική γεωμετρία</subfield>
   <subfield code="a">Ολική διαφορική γεωμετρία</subfield>
  </datafield>
  <datafield tag="700" ind1="1" ind2=" ">
   <subfield code="a">Πλατής, Ιωάννης</subfield>
   <subfield code="e">Κριτικός αναγνώστης</subfield>
   <subfield code="8">1723</subfield>
  </datafield>
  <datafield tag="856" ind1="4" ind2="0">
   <subfield code="u">http://hdl.handle.net/11419/146</subfield>
   <subfield code="z">Πλήρες Κείμενο - Full text</subfield>
  </datafield>
  <datafield tag="907" ind1=" " ind2=" ">
   <subfield code="a">.b25679867</subfield>
   <subfield code="b">12-06-18</subfield>
   <subfield code="c">29-07-16</subfield>
  </datafield>
  <datafield tag="949" ind1=" " ind2=" ">
   <subfield code="0">0</subfield>
   <subfield code="1">0</subfield>
   <subfield code="2">ddc</subfield>
   <subfield code="4">0</subfield>
   <subfield code="6">516_360000000000000_ΑΡΒ</subfield>
   <subfield code="7">0</subfield>
   <subfield code="8">KALL</subfield>
   <subfield code="8">745</subfield>
   <subfield code="d">2016-04-13</subfield>
   <subfield code="r">2016-04-13</subfield>
   <subfield code="w">2016-04-13</subfield>
   <subfield code="z">516.36 ΑΡΒ</subfield>
   <subfield code="o">SEAB KALLIPOS</subfield>
  </datafield>
  <datafield tag="998" ind1=" " ind2=" ">
   <subfield code="a">80</subfield>
   <subfield code="a">01</subfield>
   <subfield code="a">02</subfield>
   <subfield code="a">03</subfield>
   <subfield code="a">04</subfield>
   <subfield code="a">05</subfield>
   <subfield code="a">06</subfield>
   <subfield code="a">07</subfield>
   <subfield code="a">08</subfield>
   <subfield code="a">09</subfield>
   <subfield code="a">10</subfield>
   <subfield code="a">11</subfield>
   <subfield code="a">12</subfield>
   <subfield code="a">13</subfield>
   <subfield code="a">14</subfield>
   <subfield code="a">15</subfield>
   <subfield code="a">16</subfield>
   <subfield code="a">17</subfield>
   <subfield code="a">18</subfield>
   <subfield code="a">19</subfield>
   <subfield code="a">20</subfield>
   <subfield code="a">21</subfield>
   <subfield code="a">22</subfield>
   <subfield code="a">23</subfield>
   <subfield code="a">24</subfield>
   <subfield code="a">25</subfield>
   <subfield code="a">26</subfield>
   <subfield code="b">16-05-17</subfield>
   <subfield code="c">m</subfield>
   <subfield code="d">z  </subfield>
   <subfield code="e">-</subfield>
   <subfield code="f">gre</subfield>
   <subfield code="g">gr </subfield>
   <subfield code="h">0</subfield>
  </datafield>
  <datafield tag="942" ind1=" " ind2=" ">
   <subfield code="2">ddc</subfield>
   <subfield code="c">KALLIPOS</subfield>
  </datafield>
 </record>
</collection>
